Statistics for Eight-thousanders

Click here to take the quiz!

General Stats

  • This quiz has been taken 317 times
  • The average score is 7 of 14

Answer Stats

Hint Answer % Correct
8848 mEverest
98%
8611 mK2
97%
8091 mAnnapurna
67%
8516 mLhotse
60%
8126 mNanga Parbat
51%
8485 mMakalu
48%
8201 mCho Oyu
48%
8586 mKangchenjunga
45%
8051 mBroad Peak
44%
8163 mManaslu
43%
8080 mHidden Peak
38%
8167 mDhaulagiri
36%
8034 mGasherbrum II
34%
8027 mShishapangma
30%

Score Distribution

Percentile by Number Answered

Percent of People with Each Score

Your Score History

You have not taken this quiz